01012nam a22001337a 4500008004100000020001800041050001900059100001900078245005700097250001200154260004200166300002900208505064100237160705b xxu||||| |||| 00| 0 eng d a9780176443122 aRA1148.I58(2e) aMelnyk, Laura. aIntroduction to psychology and law. /cLaura Melnyk. a2nd ed. aScarborough :bThomsom Nelson,c2007. a342 p. :bill. ;c28 cm. aContents: Forensic psychology, first Canadian edition: The Challenge of forensic psychology -- Roles and responsibilities of forensic psychologists -- Deception detection in the legal system -- Criminal profiling -- Police interrogations and confessions -- Wrightman's psychology and the legal system, sixth edition: Crime investigation: witnesses -- Children adolescents, and the law -- Forensic psychology, first canadian edition: Criminal responsibility and competency to stand trial -- Psychology and law; theory, research, and application, third edition: The Psychology of the jury: jury decision making -- Correctional psychology.